[Event "Bluenose op"]
[Site "Halifax CAN"]
[Date "2020.02.21"]
[Round "1"]
[White "Dorrance, Adam"]
[Black "Zhang, Brian"]
[Result "1-0"]
[WhiteElo "2342"]
[BlackElo "1574"]
[PlyCount "99"]
[EventDate "2020.02.21"]
[EventType "swiss"]
[EventRounds "5"]
[EventCountry "CAN"]
[TimeControl "2"]

1. e4 e6 2. d4 d5 3. e5 c5 4. c3 Nc6 5. Nf3 Qb6 6. Bd3 Bd7 7. O-O Nge7 8. dxc5
Qc7 9. Re1 Ng6 10. b4 Be7 11. Na3 a6 12. Nc2 O-O 13. Ncd4 Rfc8 14. Nxc6 Bxc6
15. Nd4 Qd7 16. f4 Ba4 17. Qg4 b6 18. c6 Bxc6 19. f5 Nf8 20. f6 Ng6 21. fxe7
Qxe7 22. Bg5 Qd7 23. h4 Nf8 24. Bf6 Ng6 25. h5 gxf6 26. hxg6 f5 27. gxh7+ Kh8
28. Nxf5 exf5 29. Bxf5 Qe7 30. Bxc8 Qf8 31. Bf5 Re8 32. e6 f6 33. e7 Qf7 34.
Bg6 Qg7 35. Bxe8 Bxe8 36. Qxg7+ Kxg7 37. Rad1 Kxh7 38. Rxd5 Kg7 39. Rd8 Kf7 40.
c4 f5 41. c5 bxc5 42. bxc5 a5 43. Rxe8 Kxe8 44. c6 a4 45. c7 a3 46. c8=Q+ Kf7
47. e8=Q+ Kf6 48. Qce6+ Kg5 49. Q8g6+ Kf4 50. Rf1# 1-0

[Event "Bluenose op"]
[Site "Halifax CAN"]
[Date "2020.02.21"]
[Round "1"]
[White "Ferreira, Paulo"]
[Black "Gandhi, Veer"]
[Result "1-0"]
[WhiteElo "1813"]
[BlackElo "1344"]
[PlyCount "67"]
[EventDate "2020.02.21"]
[EventType "swiss"]
[EventRounds "5"]
[EventCountry "CAN"]

1. Nc3 c6 2. d4 d5 3. g3 Nf6 4. Bg2 Bf5 5. Nf3 h6 6. O-O e6 7. b3 Bd6 8. Bb2
Nbd7 9. Re1 O-O 10. Nd2 Re8 11. e4 dxe4 12. Ncxe4 Bb4 13. c3 Be7 14. Qe2 Nxe4
15. Nxe4 Nf6 16. Nc5 Qb6 17. Nd3 a5 18. Ne5 a4 19. Qc4 axb3 20. axb3 Bc2 21. b4
Bf5 22. Qe2 Qc7 23. g4 Rxa1 24. Rxa1 Bh7 25. h3 Nd7 26. Nd3 Nb6 27. Nc5 Ra8 28.
Rxa8+ Nxa8 29. b5 cxb5 30. Qxb5 Nb6 31. Qe8+ Bf8 32. Ba3 Nc4 33. Nd7 Kh8 34.
Bxf8 1-0

[Event "Bluenose op"]
[Site "Halifax CAN"]
[Date "2020.02.21"]
[Round "1"]
[White "Kapra, Jerjis"]
[Black "MacDonald, Neil"]
[Result "1-0"]
[WhiteElo "1939"]
[BlackElo "1552"]
[PlyCount "57"]
[EventDate "2020.02.21"]
[EventType "swiss"]
[EventRounds "5"]
[EventCountry "CAN"]

1. e4 e5 2. Nf3 Nc6 3. Bc4 Bc5 4. c3 Nf6 5. d3 h6 6. Nbd2 O-O 7. O-O d6 8. Re1
a6 9. Nf1 b5 10. Bb3 Bg4 11. h3 Bh5 12. Ng3 Bg6 13. Nh4 Kh8 14. Nxg6+ fxg6 15.
Be3 Qd7 16. d4 exd4 17. cxd4 Bb4 18. Re2 Na5 19. Bc2 Nc4 20. Bc1 d5 21. e5 Ne4
22. Nxe4 dxe4 23. a3 Be7 24. b3 Nb6 25. Rxe4 c5 26. Rg4 c4 27. Rxg6 Bh4 28. Qh5
Bxf2+ 29. Kh1 1-0

[Event "Bluenose op"]
[Site "Halifax CAN"]
[Date "2020.02.21"]
[Round "1"]
[White "Penney, Mark"]
[Black "Maxwell, Jonathan"]
[Result "0-1"]
[WhiteElo "1479"]
[BlackElo "1869"]
[PlyCount "76"]
[EventDate "2020.02.21"]
[EventType "swiss"]
[EventRounds "5"]
[EventCountry "CAN"]
[TimeControl "2"]

1. c4 e5 2. Nc3 Nc6 3. g3 g6 4. Nf3 Bg7 5. d3 d6 6. Bg2 h6 7. a3 a5 8. O-O Be6
9. Bd2 f5 10. Nh4 Nge7 11. Nd5 g5 12. Nxe7 Nxe7 13. Nf3 O-O 14. Bc3 Ng6 15. Nd2
c6 16. b4 axb4 17. axb4 Qd7 18. Qc2 f4 19. d4 Bf5 20. Be4 Rxa1 21. Bxa1 exd4
22. Nb3 Ne5 23. Bxd4 Bxe4 24. Qxe4 Qh3 25. Bxe5 Bxe5 26. Nd2 g4 27. c5 Bc3 28.
Qc4+ d5 29. Qxc3 d4 30. Qc4+ Kh7 31. Qd3+ Kg8 32. Qg6+ Kh8 33. Ne4 f3 34. exf3
gxf3 35. Qxh6+ Qxh6 {Transcript believed correct to here} 36. Ra1 Rg8 37. Kf1
Rg4 38. Nd2 Qxd2 {White resigns} 0-1

[Event "Bluenose op"]
[Site "Halifax CAN"]
[Date "2020.02.21"]
[Round "1"]
[White "Ramirez-Orta, Juan"]
[Black "Gonzalez-Cueto, Jose"]
[Result "0-1"]
[WhiteElo "1561"]
[BlackElo "2057"]
[PlyCount "36"]
[EventDate "2020.02.21"]
[EventType "swiss"]
[EventRounds "5"]
[EventCountry "CAN"]
[TimeControl "2"]

1. e4 e5 2. Nf3 Nf6 3. Nc3 Bb4 4. Nxe5 O-O 5. Bc4 Qe7 6. Nf3 Bxc3 7. dxc3 Qxe4+
8. Qe2 Qg4 9. Be3 d5 10. Bd3 Re8 11. O-O-O Qa4 12. Bb5 Qxa2 13. Bxe8 Nxe8 14.
Bc5 Be6 15. Ng5 Nc6 16. Nxe6 Na5 17. Nxc7 Nc4 18. Nxa8 Qa1# 0-1

[Event "Bluenose op"]
[Site "Halifax CAN"]
[Date "2020.02.21"]
[Round "1"]
[White "Saunders, Stephen"]
[Black "Van de Moortele, Greg"]
[Result "1/2-1/2"]
[WhiteElo "1884"]
[BlackElo "1528"]
[PlyCount "58"]
[EventDate "2020.02.21"]
[EventType "swiss"]
[EventRounds "5"]
[EventCountry "CAN"]
[TimeControl "2"]

1. d4 c5 2. d5 d6 3. c4 Nf6 4. Nc3 e6 5. e4 e5 6. f3 Be7 7. Be3 Nh5 8. Qd2 Na6
9. Nge2 O-O 10. O-O-O Bd7 11. g4 Nf6 12. h4 Nxg4 13. fxg4 Bxg4 14. Bh3 Bf3 15.
Rhf1 Bh5 16. Bg5 f6 17. Be6+ Bf7 18. Be3 Nc7 19. Bxf7+ Rxf7 20. Ng3 Qd7 21. Rg1
Kf8 22. Nf5 g6 23. Nh6 Rg7 24. Rdf1 Ke8 25. h5 g5 26. Nf5 Rg8 27. Qf2 Bf8 28.
Rg3 h6 29. Rf3 Kd8 {
White was better but players agreed to a draw User Adjudication} 1/2-1/2

[Event "Bluenose op"]
[Site "Halifax CAN"]
[Date "2020.02.21"]
[Round "1"]
[White "Sullivan, Madoc"]
[Black "Al-Gashm, Wael"]
[Result "0-1"]
[WhiteElo "1695"]
[BlackElo "1299"]
[PlyCount "60"]
[EventDate "2020.02.21"]
[EventType "swiss"]
[EventRounds "5"]
[EventCountry "CAN"]

1. e4 c5 2. Nf3 Nc6 3. Nc3 e6 4. d4 cxd4 5. Nxd4 Bc5 6. Be3 Qb6 7. Ncb5 a6 8.
Nxc6 axb5 9. Bxc5 Qxc5 10. Nd4 Nf6 11. Bxb5 e5 12. Nf5 O-O 13. Bd3 d5 14. Ng3
dxe4 15. Nxe4 Nxe4 16. Bxe4 Qb4+ 17. c3 Qxe4+ 18. Qe2 Qxg2 19. O-O-O Qg5+ 20.
Kb1 Bf5+ 21. Ka1 e4 22. Rdg1 Qd8 23. h4 Qd5 24. b3 Qa5 25. Rg5 Qxc3+ 26. Kb1
Ra5 27. Rc1 Qf6 28. Rcg1 e3+ 29. Rxf5 Qxf5+ 30. Ka1 Qxf2 0-1

[Event "Bluenose op"]
[Site "Halifax CAN"]
[Date "2020.02.22"]
[Round "2"]
[White "Anderson, Ian"]
[Black "Cashin, Ken"]
[Result "1/2-1/2"]
[WhiteElo "1587"]
[BlackElo "1682"]
[PlyCount "168"]
[EventDate "2020.02.21"]
[EventType "swiss"]
[EventRounds "5"]
[EventCountry "CAN"]
[TimeControl "2"]

1. d4 Nf6 2. Nf3 e6 3. g3 b5 4. Bg2 Bb7 5. O-O Be7 6. c3 O-O 7. Nbd2 d6 8. Re1
Nbd7 9. Qc2 Re8 10. e4 e5 11. a4 a6 12. axb5 axb5 13. Rxa8 Qxa8 14. b3 Qa7 15.
Bb2 Qb6 16. c4 Bf8 17. d5 Ra8 18. Ra1 Rxa1+ 19. Bxa1 Qa7 20. Bb2 b4 21. Ne1 Nc5
22. h3 g6 23. Nd3 Nxd3 24. Qxd3 Qa2 25. Qc2 Nd7 26. Nf3 Nc5 27. Ne1 Bc8 28. f4
Bg7 29. fxe5 dxe5 30. Kh2 f5 31. Bc1 Qxb3 32. Qxb3 Nxb3 33. Be3 Nd4 34. Nd3 b3
35. Nb2 fxe4 36. Kg1 Nf3+ 37. Kf2 h5 38. Ke2 Bf5 39. Kd1 Nd4 40. Kd2 Nf3+ 41.
Kc3 Nd4 42. Bf1 Nc2 43. Nd1 Nd4 44. c5 Kf7 45. Bc4 Ke7 46. Nb2 Bxh3 47. Na4 Bf6
48. c6 Nf5 49. Bc5+ Nd6 50. Bxb3 e3 51. Bxe3 e4+ 52. Kd2 Bf1 53. Bc5 Be5 54.
Nc3 Bd3 55. Ke3 Bxg3 56. Bxd6+ Kxd6 57. Nxe4+ Bxe4 58. Kxe4 h4 59. Kf3 g5 60.
Kg4 Bf4 61. Ba2 Ke5 62. Kh3 Ke4 63. Bb3 Kf3 64. Bd1+ Kf2 65. Bg4 Bg3 66. Be6
Ke3 67. Kg4 Ke4 68. Kh3 Ke5 69. Kg4 Bf4 70. Kh3 Ke4 71. Kg4 Ke3 72. Kh3 Kf3 73.
Bg4+ Ke4 74. Be6 Bd6 75. Kg4 Be7 76. Kh3 Kf4 77. Bg4 Ke3 78. Be6 Ke4 79. Kg4
Ke5 80. Kh3 Bf6 81. Kg4 Kd6 82. Kh3 Be7 83. Kg4 Ke5 84. Kh3 Bf6 {
User Adjudication} 1/2-1/2

[Event "Bluenose op"]
[Site "Halifax CAN"]
[Date "2020.02.22"]
[Round "2"]
[White "Gandhi, Veer"]
[Black "Ramirez-Orta, Juan"]
[Result "0-1"]
[WhiteElo "1344"]
[BlackElo "1561"]
[PlyCount "82"]
[EventDate "2020.02.21"]
[EventType "swiss"]
[EventRounds "5"]
[EventCountry "CAN"]

1. d4 Nf6 2. Nf3 e6 3. Bf4 c5 4. c3 b6 5. e3 Be7 6. h3 O-O 7. Bd3 d5 8. O-O Ba6
9. Re1 Bxd3 10. Qxd3 Qd7 11. Nbd2 Nc6 12. Ne5 Qb7 13. Nxc6 Qxc6 14. a4 a6 15.
Qc2 Rfc8 16. Nb3 b5 17. axb5 axb5 18. dxc5 Bxc5 19. Be5 Nd7 20. Bd4 Bd6 21.
Rxa8 Rxa8 22. e4 dxe4 23. Rxe4 e5 24. Be3 f5 25. Rh4 Be7 26. Rh5 g6 27. Bg5 Qe6
28. Qd2 Nf6 29. Rh4 Qxb3 30. Bh6 Ne4 31. Qd7 Qf7 32. Rxe4 fxe4 33. Qb7 Ra1+ 34.
Kh2 Bf8 35. Qc8 Qxf2 36. Qe6+ Qf7 37. Qc8 Rf1 38. Qa8 Qc4 39. Qe8 Qd5 40. Qc8
Rf2 41. Kg3 e3 0-1

[Event "Bluenose op"]
[Site "Halifax CAN"]
[Date "2020.02.22"]
[Round "2"]
[White "Gonzalez-Cueto, Jose"]
[Black "Gillis, Donald"]
[Result "1-0"]
[WhiteElo "2057"]
[BlackElo "1803"]
[PlyCount "81"]
[EventDate "2020.02.21"]
[EventType "swiss"]
[EventRounds "5"]
[EventCountry "CAN"]

1. d4 g6 2. Nf3 Bg7 3. g3 Nf6 4. Bg2 O-O 5. O-O d6 6. c4 c6 7. Nc3 Nbd7 8. e4
e5 9. b3 Qa5 10. Bb2 Re8 11. d5 Qc7 12. Ne1 a5 13. Qd2 Nc5 14. Nd3 Nxd3 15.
Qxd3 Bd7 16. Rad1 c5 17. a4 Red8 18. Bc1 Qb6 19. Nb5 Bxb5 20. cxb5 Nd7 21. Be3
Qc7 22. Rc1 Rf8 23. Bh3 b6 24. Rc2 Rae8 25. f3 h6 26. Qd2 Kh7 27. Bg2 f6 28. h4
Qd8 29. Bh3 f5 30. h5 fxe4 31. hxg6+ Kxg6 32. fxe4 Rxf1+ 33. Kxf1 Qf6+ 34. Kg2
Re7 35. Qd1 Bf8 36. Rf2 Qg7 37. Bf5+ Kf7 38. Bxd7+ Kg8 39. Be6+ Rxe6 40. dxe6
Qg6 41. Qf3 1-0

[Event "Bluenose op"]
[Site "Halifax CAN"]
[Date "2020.02.22"]
[Round "2"]
[White "Mallais, Daniel"]
[Black "Al-Gashm, Wael"]
[Result "1/2-1/2"]
[WhiteElo "1928"]
[BlackElo "1299"]
[PlyCount "60"]
[EventDate "2020.02.21"]
[EventType "swiss"]
[EventRounds "5"]
[EventCountry "CAN"]
[TimeControl "2"]

1. d4 d5 2. Nf3 Bg4 3. Ne5 Nf6 4. Nxg4 Nxg4 5. e4 Nf6 6. e5 Nfd7 7. Bd3 e6 8.
O-O Be7 9. Qg4 g6 10. c4 c5 11. cxd5 cxd4 12. dxe6 Nxe5 13. Bb5+ Nbc6 14. Qg3
Qd5 15. exf7+ Nxf7 16. Ba4 O-O 17. Bb3 Qf5 18. Re1 Rfe8 19. Rf1 Rad8 20. Qf4
Qxf4 21. Bxf4 Bf6 22. Nd2 d3 23. Rab1 Nd4 24. Be3 Nxb3 25. Nxb3 b6 26. Rfd1 Ne5
27. Nd4 Nc4 28. Rxd3 Re4 29. b3 Nxe3 30. fxe3 Bxd4 {User Adjudication} 1/2-1/2

[Event "Bluenose op"]
[Site "Halifax CAN"]
[Date "2020.02.22"]
[Round "2"]
[White "Penney, Mark"]
[Black "Sullivan, Madoc"]
[Result "0-1"]
[WhiteElo "1479"]
[BlackElo "1695"]
[PlyCount "83"]
[EventDate "2020.02.21"]
[EventType "swiss"]
[EventRounds "5"]
[EventCountry "CAN"]

1. c4 e5 2. Nc3 Nf6 3. Nf3 Nc6 4. d3 Bc5 5. g3 d6 6. Bg5 Be6 7. Bg2 h6 8. Bxf6
Qxf6 9. Ne4 Bb4+ 10. Nfd2 Qe7 11. a3 Ba5 12. b4 Bb6 13. Rc1 f5 14. c5 fxe4 15.
cxb6 e3 16. Bxc6+ bxc6 17. Nf3 exf2+ 18. Kxf2 axb6 19. Qc2 Bd7 20. a4 d5 21.
Rhe1 e4 22. dxe4 dxe4 23. Kg1 O-O 24. Qc4+ Kh7 25. Nd4 Rxa4 26. Nxc6 Bxc6 27.
Qxc6 Rxb4 28. Qxc7 Qxc7 29. Rxc7 Re8 30. e3 Rb2 31. h4 b5 32. Rb7 b4 33. Rf1
Rd8 34. Rff7 Rd1+ 35. Rf1 Rxf1+ 36. Kxf1 b3 37. Rb4 Rb1+ 38. Kg2 b2 39. g4 Re1
40. Rxb2 Rxe3 41. Kf2 Rh3 42. h5 0-1

[Event "Bluenose op"]
[Site "Halifax CAN"]
[Date "2020.02.22"]
[Round "2"]
[White "Poirier, David"]
[Black "Dorrance, Adam"]
[Result "0-1"]
[WhiteElo "1811"]
[BlackElo "2342"]
[PlyCount "108"]
[EventDate "2020.02.21"]
[EventType "swiss"]
[EventRounds "5"]
[EventCountry "CAN"]

1. d4 Nf6 2. Bf4 c5 3. e3 g6 4. c3 Bg7 5. h3 O-O 6. Nd2 cxd4 7. exd4 Nc6 8.
Ngf3 d6 9. Be2 Re8 10. O-O e5 11. dxe5 dxe5 12. Bh2 e4 13. Ne1 Ne5 14. Nc4 Nxc4
15. Bxc4 Be6 16. Bxe6 Rxe6 17. Nc2 Nd5 18. Qe2 Qg5 19. Rad1 Be5 20. Qg4 Bxh2+
21. Kxh2 Qe5+ 22. Qg3 Qxg3+ 23. Kxg3 Nb6 24. Rd4 Rc8 25. Ne3 Kg7 26. f4 exf3
27. Rxf3 Rc5 28. Kf2 a5 29. c4 a4 30. b3 axb3 31. axb3 Ra5 32. Rd2 Re7 33. Nd5
Nxd5 34. Rxd5 Rxd5 35. cxd5 Rd7 36. Rd3 Kf6 37. Ke3 Ke5 38. Rd4 Rxd5 39. Rb4 b5
40. g4 h6 41. Re4+ Kd6 42. Re8 Re5+ 43. Rxe5 Kxe5 44. Kd3 f5 45. gxf5 gxf5 46.
Ke3 f4+ 47. Kf3 h5 48. b4 h4 49. Kg4 Ke4 50. Kxh4 f3 51. Kg5 f2 52. h4 f1=Q 53.
h5 Qf5+ 54. Kh6 Qg4 0-1

[Event "Bluenose op"]
[Site "Halifax CAN"]
[Date "2020.02.22"]
[Round "2"]
[White "Wang, Andy"]
[Black "Kapra, Jerjis"]
[Result "0-1"]
[WhiteElo "1778"]
[BlackElo "1939"]
[PlyCount "74"]
[EventDate "2020.02.21"]
[EventType "swiss"]
[EventRounds "5"]
[EventCountry "CAN"]
[TimeControl "2"]

1. e4 c6 2. d4 d5 3. f3 Qb6 4. Nc3 dxe4 5. Nxe4 Bf5 6. b3 Nd7 7. Bb2 Ngf6 8.
Bd3 e6 9. Nxf6+ Nxf6 10. Bxf5 Qa5+ 11. Qd2 Qxf5 12. Ne2 Be7 13. Ng3 Qg6 14. c4
h5 15. Qe2 Bb4+ 16. Kf2 O-O-O 17. Ne4 e5 18. Nxf6 gxf6 19. a3 Ba5 20. b4 Bb6
21. c5 Bc7 22. dxe5 Rde8 23. Rhe1 Rhg8 24. g3 h4 25. g4 fxe5 26. Qe4 Qe6 27.
Rad1 f6 28. h3 Rg7 29. f4 Qb3 30. Qf5+ Kb8 31. Qxf6 Rf7 32. Qxh4 Qxb2+ 33. Kg1
Rxf4 34. Qg3 Ref8 35. Kh1 e4 36. Qe3 Rf1+ 37. Rxf1 Qh2# 0-1

[Event "Bluenose op"]
[Site "Halifax CAN"]
[Date "2020.02.22"]
[Round "3"]
[White "Al-Gashm, Wael"]
[Black "Maxwell, Jonathan"]
[Result "0-1"]
[WhiteElo "1299"]
[BlackElo "1869"]
[PlyCount "82"]
[EventDate "2020.02.21"]
[EventType "swiss"]
[EventRounds "5"]
[EventCountry "CAN"]

1. e4 e5 2. Nf3 Nc6 3. Bc4 Nf6 4. d3 Bc5 5. O-O d6 6. Be3 Bb6 7. Nc3 h6 8. Nd5
Nxd5 9. Bxd5 Ne7 10. Bc4 O-O 11. d4 Ng6 12. a3 Bg4 13. Be2 Qe7 14. Qd2 exd4 15.
Nxd4 Bxe2 16. Qxe2 Qxe4 17. Qf3 Qxf3 18. Nxf3 Bxe3 19. fxe3 Rfe8 20. Rae1 Re7
21. Nd4 Rae8 22. Rf3 Ne5 23. Rg3 Ng6 24. b4 Re5 25. a4 a6 26. b5 Re4 27. Kf2
Ne5 28. h3 Kh7 29. Rb1 Nc4 30. bxa6 bxa6 31. Rb7 Nxe3 32. Rxc7 Nd1+ 33. Kg1
Rxd4 34. Rxf7 Ra8 35. Rd3 Rxd3 36. cxd3 Rc8 37. Rd7 Rc6 38. d4 Nc3 39. a5 Ne2+
40. Kf2 Nxd4 41. Ke3 Nb3 0-1

[Event "Bluenose op"]
[Site "Halifax CAN"]
[Date "2020.02.22"]
[Round "3"]
[White "Cashin, Ken"]
[Black "MacDonald, Neil"]
[Result "1-0"]
[WhiteElo "1682"]
[BlackElo "1552"]
[PlyCount "91"]
[EventDate "2020.02.21"]
[EventType "swiss"]
[EventRounds "5"]
[EventCountry "CAN"]

1. e4 e5 2. Nf3 Nc6 3. d4 exd4 4. Bc4 Nf6 5. e5 d5 6. Bb5 Ne4 7. Nxd4 Bd7 8.
Bxc6 bxc6 9. O-O Bc5 10. Be3 O-O 11. f3 Bxd4 12. Bxd4 Ng5 13. f4 Ne4 14. f5 Qg5
15. Qf3 g6 16. f6 Bg4 17. Qf4 Qxf4 18. Rxf4 Bd1 19. Na3 Be2 20. Re1 Ba6 21. c4
Rfe8 22. cxd5 cxd5 23. Rc1 c5 24. Bxc5 Nxc5 25. Rxc5 Rxe5 26. Rd4 Re1+ 27. Kf2
Rf1+ 28. Kg3 Rxf6 29. Rcxd5 Bb7 30. Rd8+ Rxd8 31. Rxd8+ Kg7 32. Rd7 Rb6 33. b3
Ra6 34. Nc4 Bc8 35. Rc7 Be6 36. a4 Kf6 37. Kf4 Bd5 38. g4 g5+ 39. Ke3 Bxc4 40.
Rxc4 Rb6 41. b4 Ke6 42. Ke4 h6 43. b5 Rd6 44. a5 Kd7 45. Rd4 Rxd4+ 46. Kxd4 1-0

[Event "Bluenose op"]
[Site "Halifax CAN"]
[Date "2020.02.22"]
[Round "3"]
[White "Dorrance, Adam"]
[Black "Gonzalez-Cueto, Jose"]
[Result "1-0"]
[WhiteElo "2342"]
[BlackElo "2057"]
[PlyCount "37"]
[EventDate "2020.02.21"]
[EventType "swiss"]
[EventRounds "5"]
[EventCountry "CAN"]

1. d4 Nf6 2. c4 e6 3. g3 Bb4+ 4. Bd2 Bxd2+ 5. Nxd2 d5 6. Bg2 O-O 7. Ngf3 Nbd7
8. Qc2 Re8 9. O-O e5 10. cxd5 Nxd5 11. dxe5 N5b6 12. Rfd1 c6 13. Ne4 Qe7 14.
Nd6 Rf8 15. Nf5 Qe8 16. Qc3 Qe6 17. e4 Qc4 18. Qxc4 Nxc4 19. Ne7+ 1-0

[Event "Bluenose op"]
[Site "Halifax CAN"]
[Date "2020.02.22"]
[Round "3"]
[White "Gillis, Donald"]
[Black "Anderson, Ian"]
[Result "1-0"]
[WhiteElo "1803"]
[BlackElo "1587"]
[PlyCount "57"]
[EventDate "2020.02.21"]
[EventType "swiss"]
[EventRounds "5"]
[EventCountry "CAN"]

1. e4 c5 2. Nf3 d6 3. d4 cxd4 4. Nxd4 Nc6 5. c4 Nf6 6. Nc3 g6 7. Be2 Bg7 8. Be3
O-O 9. O-O a6 10. Rc1 Bd7 11. Qd2 Rc8 12. f3 e5 13. Nb3 Be6 14. Nd5 Bxd5 15.
cxd5 Ne7 16. Qb4 Qd7 17. Na5 b5 18. Rfd1 h5 19. Nc6 Kh7 20. a4 Bh6 21. Bxh6
Kxh6 22. axb5 Nxc6 23. dxc6 Qe7 24. b6 Rfe8 25. Qxd6 Qxd6 26. Rxd6 Re6 27. Rxe6
fxe6 28. Bxa6 Rd8 29. c7 1-0

[Event "Bluenose op"]
[Site "Halifax CAN"]
[Date "2020.02.22"]
[Round "3"]
[White "Kapra, Jerjis"]
[Black "Mallais, Daniel"]
[Result "1-0"]
[WhiteElo "1939"]
[BlackElo "1928"]
[PlyCount "63"]
[EventDate "2020.02.21"]
[EventType "swiss"]
[EventRounds "5"]
[EventCountry "CAN"]

1. e4 d6 2. d4 g6 3. Nc3 Bg7 4. Be3 a6 5. Be2 b5 6. Qd2 Bb7 7. f3 Nd7 8. Nh3 e6
9. O-O c5 10. dxc5 dxc5 11. Rad1 Qc7 12. Bf4 Be5 13. Qxd7+ Qxd7 14. Rxd7 Bd4+
15. Rxd4 cxd4 16. Be5 f6 17. Bxd4 e5 18. Be3 Ne7 19. Rd1 Rd8 20. Rxd8+ Kxd8 21.
Nf2 h5 22. Nd3 g5 23. Bb6+ Ke8 24. Nc5 Bc8 25. a4 b4 26. Na2 f5 27. Nxb4 Rh6
28. a5 Rd6 29. Bd3 f4 30. Ncxa6 g4 31. Nc7+ Kf8 32. Bc5 1-0

[Event "Bluenose op"]
[Site "Halifax CAN"]
[Date "2020.02.22"]
[Round "3"]
[White "Ramirez-Orta, Juan"]
[Black "Wang, Andy"]
[Result "1-0"]
[WhiteElo "1561"]
[BlackElo "1778"]
[PlyCount "45"]
[EventDate "2020.02.21"]
[EventType "swiss"]
[EventRounds "5"]
[EventCountry "CAN"]

1. e4 e5 2. d4 exd4 3. Nf3 Bc5 4. Nxd4 Nc6 5. Be3 Bb6 6. Nc3 Nf6 7. Nxc6 bxc6
8. Bxb6 cxb6 9. e5 Qe7 10. Qe2 Ng8 11. O-O-O Bb7 12. Qg4 f6 13. Ne4 O-O-O 14.
Nd6+ Kb8 15. Bc4 Nh6 16. exf6 Qxf6 17. Qh3 Qg5+ 18. Rd2 Rhf8 19. f3 Ba8 20.
Rhd1 Kc7 21. Kb1 Qe7 22. Qg3 Qf6 23. Ne8+ 1-0

[Event "Bluenose op"]
[Site "Halifax CAN"]
[Date "2020.02.22"]
[Round "3"]
[White "Saunders, Stephen"]
[Black "Ferreira, Paulo"]
[Result "1/2-1/2"]
[WhiteElo "1884"]
[BlackElo "1813"]
[PlyCount "62"]
[EventDate "2020.02.21"]
[EventType "swiss"]
[EventRounds "5"]
[EventCountry "CAN"]
[TimeControl "2"]

1. d4 b6 2. e4 Bb7 3. Bd3 e6 4. Nf3 Nf6 5. O-O Be7 6. Nbd2 d5 7. Re1 dxe4 8.
Nxe4 Nbd7 9. c3 O-O 10. Qc2 Nxe4 11. Bxe4 Bxe4 12. Qxe4 c5 13. Be3 Nf6 14. Qc2
Nd5 15. Rad1 Qc7 16. Bg5 cxd4 17. Rxd4 Bxg5 18. Nxg5 Nf6 19. Red1 Rad8 20. Qd3
Rxd4 21. Qxd4 h6 22. Nf3 Rc8 23. h3 Nd5 24. Ne5 b5 25. Nd3 a5 26. a3 Nb6 27.
Qf4 Nc4 28. Qxc7 Rxc7 29. a4 bxa4 30. Ra1 Nb6 31. Kf1 Kf8 {User Adjudication}
1/2-1/2

[Event "Bluenose op"]
[Site "Halifax CAN"]
[Date "2020.02.23"]
[Round "4"]
[White "Al-Gashm, Wael"]
[Black "Cooke, Ray"]
[Result "1-0"]
[WhiteElo "1299"]
[BlackElo "1587"]
[PlyCount "51"]
[EventDate "2020.02.21"]
[EventType "swiss"]
[EventRounds "5"]
[EventCountry "CAN"]

1. d4 Nf6 2. c4 e6 3. g3 d5 4. Nc3 Be7 5. Nf3 O-O 6. Bg2 Nc6 7. O-O Re8 8. cxd5
exd5 9. Re1 h6 10. Bf4 Bd6 11. Qd2 Bf5 12. Bxd6 Qxd6 13. Nb5 Qd7 14. Qf4 Rac8
15. a4 a6 16. Nc3 Nh5 17. Qh4 Nf6 18. Nd2 Re7 19. e4 Rf8 20. e5 Ng4 21. h3 g5
22. Qh5 Nf6 23. Qxh6 Nh7 24. Nxd5 Re6 25. Nf6+ Rxf6 26. exf6 1-0

[Event "Bluenose op"]
[Site "Halifax CAN"]
[Date "2020.02.23"]
[Round "4"]
[White "Anderson, Ian"]
[Black "MacLean, John"]
[Result "1-0"]
[WhiteElo "1587"]
[BlackElo "1172"]
[PlyCount "61"]
[EventDate "2020.02.21"]
[EventType "swiss"]
[EventRounds "5"]
[EventCountry "CAN"]

1. e4 c5 2. Nf3 Nc6 3. d4 cxd4 4. Nxd4 Qc7 5. Nc3 a6 6. Be3 e6 7. a3 Bd6 8. g3
Nge7 9. Bg2 O-O 10. O-O e5 11. Ndb5 axb5 12. Nxb5 Qb8 13. Qxd6 Qxd6 14. Nxd6
Nd4 15. Bxd4 exd4 16. Rfd1 Nc6 17. f4 b6 18. Nxc8 Raxc8 19. Rac1 Rfd8 20. c3
dxc3 21. Rxc3 Nb8 22. Rdc1 Rxc3 23. Rxc3 Kf8 24. Kf2 Ke7 25. Ke3 Nc6 26. e5 Na7
27. Rc7 Nb5 28. Rb7 Rc8 29. Kd3 Rc1 30. Rxb6 Rd1+ 31. Ke2 1-0

[Event "Bluenose op"]
[Site "Halifax CAN"]
[Date "2020.02.23"]
[Round "4"]
[White "Gandhi, Veer"]
[Black "Sullivan, Madoc"]
[Result "0-1"]
[WhiteElo "1344"]
[BlackElo "1695"]
[PlyCount "106"]
[EventDate "2020.02.21"]
[EventType "swiss"]
[EventRounds "5"]
[EventCountry "CAN"]

1. d4 d5 2. Nf3 c5 3. c3 Nf6 4. g3 Bf5 5. Bg2 Nc6 6. O-O e6 7. Nbd2 cxd4 8.
cxd4 Bd6 9. a3 O-O 10. Nb1 Qb6 11. Nc3 Ne5 12. b4 Nc4 13. Nh4 Bg6 14. Na4 Qc7
15. Nxg6 hxg6 16. Nc5 Bxc5 17. dxc5 a5 18. Bd2 axb4 19. Bxb4 Nd7 20. Qd4 Rfc8
21. e4 Nxc5 22. Qxc5 Qxc5 23. Bxc5 Rxc5 24. exd5 exd5 25. Rfe1 b5 26. Ra2 Kf8
27. Rd1 Rxa3 28. Rxa3 Nxa3 29. Bxd5 b4 30. Bb3 Rc3 31. Bd5 b3 32. Kg2 b2 33.
Ba2 Rc1 34. Rd8+ Ke7 35. Ra8 b1=Q 36. Bxb1 Nxb1 37. Ra1 Rd1 38. Ra7+ Rd7 39.
Ra1 Nc3 40. h4 Nd5 41. Ra4 Rd6 42. Ra7+ Rd7 43. Ra4 f5 44. Ra6 Nf6 45. Kh2 Rd2
46. Kg1 Kf7 47. Ra7+ Kg8 48. Ra8+ Kh7 49. f3 Nh5 50. g4 fxg4 51. fxg4 Nf4 52.
g5 Rg2+ 53. Kh1 Rg4 0-1

[Event "Bluenose op"]
[Site "Halifax CAN"]
[Date "2020.02.23"]
[Round "4"]
[White "Gonzalez-Cueto, Jose"]
[Black "Cashin, Ken"]
[Result "1-0"]
[WhiteElo "2057"]
[BlackElo "1682"]
[PlyCount "41"]
[EventDate "2020.02.21"]
[EventType "swiss"]
[EventRounds "5"]
[EventCountry "CAN"]

1. d4 Nf6 2. Nf3 e6 3. e3 c5 4. Bd3 d5 5. c3 Be7 6. Nbd2 O-O 7. O-O b6 8. e4
Bb7 9. e5 Ne4 10. Qe2 Nxd2 11. Bxd2 Nc6 12. a3 Na5 13. Bc2 Nc4 14. Qd3 g6 15.
Bh6 Re8 16. b3 Na5 17. Qd2 Nc6 18. Ng5 Rc8 19. Qf4 Bxg5 20. Bxg5 Ne7 21. Bf6
1-0

[Event "Bluenose op"]
[Site "Halifax CAN"]
[Date "2020.02.23"]
[Round "4"]
[White "Kapra, Jerjis"]
[Black "Dorrance, Adam"]
[Result "0-1"]
[WhiteElo "1939"]
[BlackElo "2342"]
[PlyCount "50"]
[EventDate "2020.02.21"]
[EventType "swiss"]
[EventRounds "5"]
[EventCountry "CAN"]

1. e4 c5 2. Nf3 Nc6 3. d4 cxd4 4. Nxd4 g6 5. c4 Bg7 6. Be3 Nf6 7. Nc3 Ng4 8.
Nxc6 Nxe3 9. Nxd8 Nxd1 10. Rxd1 Kxd8 11. Be2 b6 12. Rd2 Bb7 13. Bg4 e6 14. Nb5
Be5 15. O-O Bf4 16. Rd4 h5 17. Bf3 Be5 18. Rd2 Ke7 19. Rfd1 Rhd8 20. Nd6 Bc6
21. a3 Ba4 22. Nb7 Bxd1 23. Nxd8 Bxf3 24. Nxf7 Kxf7 25. gxf3 Ke7 0-1

[Event "Bluenose op"]
[Site "Halifax CAN"]
[Date "2020.02.23"]
[Round "4"]
[White "MacDonald, Neil"]
[Black "Balakrishnan, Shreyas"]
[Result "1-0"]
[WhiteElo "1552"]
[BlackElo "881"]
[PlyCount "69"]
[EventDate "2020.02.21"]
[EventType "swiss"]
[EventRounds "5"]
[EventCountry "CAN"]
[TimeControl "2"]

1. e4 e5 2. Nf3 Nc6 3. Bb5 a6 4. Ba4 Nf6 5. O-O Be7 6. Re1 b5 7. Bb3 d6 8. h3
Na5 9. c3 Nxb3 10. axb3 Bb7 11. d3 O-O 12. Nbd2 c5 13. Nf1 Qb6 14. Ng3 Nd7 15.
Nf5 Bf6 16. Ng5 d5 17. Qh5 Bxg5 18. Bxg5 Qg6 19. Ne7+ Kh8 20. Nxg6+ fxg6 21.
Qg4 Bc8 22. Qe2 h6 23. Bd2 d4 24. cxd4 cxd4 25. Bb4 Rg8 26. Rac1 Nf6 27. Rc7
Nh5 28. Rec1 Be6 29. Bd6 Bxb3 30. Bxe5 Ba4 31. g4 Nf6 32. Bxf6 gxf6 33. Qf3 h5
34. Qxf6+ Rg7 35. Qxg7# 1-0